000 00854cam a2200253 a 4500
001 000009377
005 20200929161555.0
008 911017s1991 ck a 000 p spa c
010 _a91206201
020 _a9589075231
035 _a(DLC) 91206201
040 _aDO-SdBNP
_bspa
_cICU
_dDLC
_dBNPHU
082 _aC861.44
_bR436d
100 1 _aRestrepo, Elkin
_924156
245 1 3 _aLa dádiva /
_cElkin Restrepo.
260 _aMedellín :
_bBiblioteca Pública Piloto de Medellín,
_c1991.
300 _a91 p. :
_bil. ;
_c18 cm.
490 1 _aPublicaciones especiales Biblioteca Pública Piloto de Medellín
_vv. 8
650 4 _aPoesía colombiana
_93742
650 4 _aLiteratura colombiana
_91244
830 0 _aPublicaciones especiales Biblioteca Pública Piloto de Medellín ;
_vv. 8.
_924157
910 _aCatalogación por copia / LC
049 _aBNGR
999 _c9137
_d9137